000 00302nam a22001337a 4500
008 170307b xxu||||| |||| 00| 0 eng d
020 _a9780892031627
041 _aeng
080 _a611
100 _a6
101 _aSHM
245 _aESSENTIALS OF MUSCULOSKELETAL CARE
_cSNIDER, R.K
942 _2udc
_cBK
999 _c6965
_d6965